Trendy vývoja obnoviteľných zdrojov a energetický mix SR bakalárska práca

Salvato in:
Dettagli Bibliografici
Autore principale: Bražinová, Michaela
Ente Autore: Fakulta podnikového manažmentu EU. Katedra podnikových financií
Altri autori: Bikár, Miloš, 1973-
Natura: Libro
Lingua:slovacco
Pubblicazione: Bratislava 2014
Tags: Aggiungi Tag
Nessun Tag, puoi essere il primo ad aggiungerne!!

MARC

LEADER 00000nbm a2200000 4500
001 0189646
005 20170201092804.1
041 0 |a slo 
044 |a SK 
245 1 0 |a Trendy vývoja obnoviteľných zdrojov a energetický mix SR  |b bakalárska práca  |c Michaela Bražinová ; školiteľ: Miloš Bikár 
264 1 |a Bratislava  |c 2014 
300 |a 55 s. 
100 1 |a Bražinová, Michaela 
700 1 |a Bikár, Miloš, 1973- 
710 2 |a Fakulta podnikového manažmentu EU. Katedra podnikových financií